000 00973nam a22002897a 4500
001 7246
003 FISKH
005 20250704094857.0
008 250704b cb ||||| |||| 00| 0 eng d
020 _a9780689717383
040 _aFISKH
_beng
_cFISKH
_dFISKH
050 _aPZ7.R982 R
082 _a813
100 _aRylantុំ Cynthia
245 _aThe relatives came​ /
_cStory by Cynthia Rylant ; Illustrated by Stephen Gammell
250 _aFirst Atheneuum books for young readers paperback edition July 1993
260 _aNew York :
_bAtheneum Books,
_c1985
300 _a32 unnumbered pages :
_bcolor illustrations ;
_c27 cm
505 _aK
520 _aThe relatives come to visit from Virginia and everyone has a wonderful time.
521 8 _a510
_bLexile adjusted
521 8 _aK
_bRaz-Plus
650 _aMaking connections
_vSummer
_xPicture book
700 _aGammell, Stephen
_eillustrator
942 _2ddc
_cBK
_n0
999 _c7246
_d7246